Tìm kiếm dưới âm phủ

Saved in:
Bibliographic Details
Main Author: Đỗ, Văn Ninh
Format: Book
Language:Undetermined
Published: Hà Nội Thanh niên 2004
Subjects:
Tags: Add Tag
No Tags, Be the first to tag this record!
Institutions: Trung tâm Học liệu Trường Đại học Cần Thơ
LEADER 00506nam a2200193Ia 4500
001 CTU_63363
008 210402s9999 xx 000 0 und d
020 |b 22000 
082 |a 930.1 
082 |b N312 
100 |a Đỗ, Văn Ninh 
245 0 |a Tìm kiếm dưới âm phủ 
245 0 |c Đỗ Văn Ninh 
260 |a Hà Nội 
260 |b Thanh niên 
260 |c 2004 
650 |a Archaeology 
904 |i TUYẾN 
980 |a Trung tâm Học liệu Trường Đại học Cần Thơ